|
|
|
|
| LEADER |
00613 a2200181 4500 |
| 020 |
|
|
|a 9780198703211
|
| 082 |
|
|
|a 823
|b WIL/J
|
| 100 |
|
|
|a Wilkie Collins
|9 13048
|
| 245 |
|
|
|a Jezebel's daughter/
|c by Wilkie Collins; edited by Jason David Hall.
|
| 260 |
|
|
|b OUP,
|a Oxford:
|c 2016.
|
| 300 |
|
|
|a 266p.
|
| 650 |
|
|
|a Novel English
|9 13049
|
| 650 |
|
|
|a Literature English
|9 13050
|
| 650 |
|
|
|a Literature
|9 13051
|
| 700 |
|
|
|a Jason David Hall
|9 13052
|
| 942 |
|
|
|c BK
|
| 999 |
|
|
|c 62432
|d 62432
|
| 952 |
|
|
|0 0
|1 0
|4 0
|6 823_000000000000000_WIL_J
|7 0
|9 84480
|a SSUS
|b SSUS
|c STACKS
|d 2017-03-15
|g 395.00
|o 823 WIL/J
|p 083907
|r 2017-03-15
|w 2017-03-15
|y BK
|